| 000 | 00556nam a2200193Ia 4500 | ||
|---|---|---|---|
| 003 | GCL | ||
| 008 | 140319s9999 xx 000 0 ara d | ||
| 040 |
_aGCL / _cGCL |
||
| 082 | 0 | 4 |
_a895.1 _bك ا |
| 100 | 1 | _aهنرى زغيب | |
| 245 | 1 | 0 |
_aالادب الصينى / _cهنرى زغيب |
| 700 | 1 | _aكالتمنار اوديل | |
| 260 |
_a[S.N] : _bمنشورات عويدان ، _c1988 |
||
| 300 | _a143 ص | ||
| 490 |
_aسلسلة زدنى علما _v0 |
||
| 650 | 0 | 4 | _aتاريخ ونقد |
| 650 | 0 | 4 | _aالادب الصينى |
| 942 |
_2ddc _cBK |
||
| 999 |
_c36163 _d36163 |
||